000
00304nam a2200145Ia 4500
100
_a
Alpion/Gezim
942
_c
BK
366
_f
25
245
_a
Mother Teresa:Saint or celebrity
260
_b
Routledge
_c
2007
082
_a
808.3
_b
ALP
300
_a
284
546
_a
ENGLISH
_c
Computers
999
_c
24836
_d
24836